Paroles - Jul - Je suis pas ton pote - Statistiques

Statistiques générales
  • Ce quiz a été pris 8 fois
  • Le résultat moyen est 236 sur 500
Statistiques - réponses
Réponse % Correct
comme
83%
je
83%
pas
83%
pote
83%
ton
83%
a
67%
à
67%
au
67%
autre
67%
bulle
67%
ça
67%
charbon
67%
dans
67%
de
67%
des
67%
en
67%
faut
67%
fous
67%
il
67%
j'l'aime
67%
j'rends
67%
INTRO (J'suis
67%
j'suis
67%
COUPLET 1 J'suis
67%
la
67%
67%
lamborghini
67%
le
67%
les
67%
l'infini
67%
lune
67%
ma
67%
mais
67%
me
67%
mère
67%
mienne
67%
motards
67%
motards)
67%
oh
67%
on
67%
que
67%
qu'une
67%
sous
67%
tu
67%
un
67%
une
67%
vodka
67%
bikini
50%
caprisun
50%
ce
50%
c'est
50%
et
50%
fini
50%
ils
50%
pattes
50%
pete
50%
pour
50%
qui
50%
sûr
50%
veux
50%
Alphonse
33%
aux
33%
bec
33%
dégun
33%
dis
33%
DP
33%
face
33%
faire
33%
fait
33%
filles
33%
France
33%
gars
33%
gentil
33%
guette
33%
j'danse
33%
j'écris
33%
j'entends
33%
j'me
33%
j'men
33%
kilomètres
33%
l'été
33%
l'hiver
33%
mal
33%
mange
33%
mec
33%
même
33%
m'fais
33%
mon
33%
nouveau
33%
nouvelle
33%
ouais
33%
penses
33%
pieds
33%
plus
33%
profiteurs
33%
pue
33%
quand
33%
qu'est
33%
qu'il
33%
qu'ton
33%
qu'tu
33%
remettre
33%
rentre
33%
rien
33%
s'en
33%
sens
33%
survet'
33%
te
33%
thune
33%
tout
33%
t'y
33%
va
33%
vestes
33%
voir
33%
vois
33%
vont
33%
Y
33%
y
33%
ah
17%
alors
17%
as
17%
bats
17%
beuh
17%
bizarre
17%
bon
17%
bonne
17%
break
17%
briller
17%
buzz
17%
carte
17%
Cartier
17%
complexé
17%
cross
17%
d'assurance
17%
d'dépots
17%
deux
17%
dit
17%
d'puis
17%
d'rien
17%
endettées
17%
gens
17%
gratte
17%
Grèce
17%
grise
17%
guendav
17%
guerre
17%
j'ai
17%
jaloux
17%
jamais
17%
j'arrive
17%
j'claque
17%
j'connais
17%
j'dis
17%
j'esquive
17%
j'le
17%
j'passe
17%
j'recharge
17%
j'sens
17%
j'taffe
17%
j'te
17%
j'veux
17%
j'vois
17%
képis
17%
l'dos
17%
l'enfance
17%
leurs
17%
lève
17%
l'évêque
17%
l'parfum
17%
l'traître
17%
mamans
17%
mandats
17%
mauvaise
17%
m'enfonces
17%
métiers
17%
COUPLET 2 mieux
17%
mine
17%
m'l'as
17%
m'reconnais
17%
n'était
17%
nom
17%
ont
17%
paix
17%
peine
17%
pleins
17%
pleurent
17%
pourtant
17%
p'tit
17%
quartier
17%
qu'ca
17%
quiller
17%
qu'j'me
17%
qu'j'suis
17%
qu'on
17%
rabats
17%
rester
17%
retournaient
17%
revenir
17%
s'connaît
17%
seul
17%
si
17%
s'inquiéter
17%
son
17%
sont
17%
sortie
17%
steaks
17%
taille
17%
temps
17%
tendeance
17%
t'es
17%
tester
17%
trace
17%
Tracer
17%
truc
17%
'ttends
17%
vaut
17%
verra
17%
vers
17%
veulent
17%
vexé
17%
voiture
17%
volant
17%
enquêter
0%
FISC
0%
j'fais
0%
peuvent
0%
tp
0%
Aucun quiz correspondant
Distribution des résultats
% des personnes avec chaque résultat
Percentile par nombre de réponses
Votre historique - résultats
Vous n’avez pas pris ce quiz